Innovative Solutions in Engineering: a journal of the Nigerian academy of engineering (Record no. 43628)
[ view plain ]
| 003 - CONTROL NUMBER IDENTIFIER | |
|---|---|
| control field | 00493nam a2200169Ia 4500 |
| 005 - DATE AND TIME OF LATEST TRANSACTION | |
| control field | 20250904151720.0 |
| 008 - FIXED-LENGTH DATA ELEMENTS--GENERAL INFORMATION | |
| fixed length control field | 250904b |||||||| |||| 00| 0 eng d |
| 022 ## - INTERNATIONAL STANDARD SERIAL NUMBER | |
| International Standard Serial Number | 26365197 |
| 040 ## - CATALOGING SOURCE | |
| Description conventions | rda |
| 050 ## - LIBRARY OF CONGRESS CALL NUMBER | |
| Classification number | TK5105. 88813.I56/ |
| 245 ## - TITLE STATEMENT | |
| Title | Innovative Solutions in Engineering: a journal of the Nigerian academy of engineering |
| 260 ## - PUBLICATION, DISTRIBUTION, ETC. (IMPRINT) | |
| Place of publication, distribution, etc | lagos |
| Name of publisher, distributor, etc | The Nigerian Academy of Engineering |
| Date of publication, distribution, etc | 2023 |
| 264 ## - PUBLICATION, DISTRIBUTION, ETC. (IMPRINT) | |
| Name of publisher, distributor, etc | Lagos |
| Place of publication, distribution, etc | The Nigerian Academy of Engineering |
| Date of publication, distribution, etc | 2023 |
| 300 ## - PHYSICAL DESCRIPTION | |
| Extent | vi, 75p. ; ill : 25 cm. |
| 336 ## - CONTENT TYPE | |
| Source | text |
| Materials specified | text |
| 337 ## - MEDIA TYPE | |
| Source | text |
| 338 ## - CARRIER TYPE | |
| Source | rdacarrier |
| 490 ## - SERIES STATEMENT | |
| Series statement | vol. 5 No. 1 |
| 600 ## - SUBJECT ADDED ENTRY--PERSONAL NAME | |
| Source of heading or term | Economic development--periodicals. public admistration--periodicals |
| 650 ## - SUBJECT ADDED ENTRY--TOPICAL TERM | |
| Topical term or geographic name as entry element | Web Service |
| 942 ## - ADDED ENTRY ELEMENTS (KOHA) | |
| Source of classification or shelving scheme | Library of Congress Classification |
| Koha item type | Serials |
No items available.